000 00604nam a2200217 a 4500
001 BRCA_7535
005 20190320205857.0
008 240513s1954----gw-a######---#000-0#ger-#
041 _agw
044 _ager
050 4 _aN6494
_b.A27 1954
245 1 0 _aAbstrakte Kunst
_bQuerschnitt 1953.
260 _aBaden-Baden
_bWoldemar Klein
_cc1954
300 _a128 p.
_bil. (algunas a color), láminas
_c27 cm.
500 _aSonderausgabe der zeitschrift das kunstwerk
500 _aS3
650 1 4 _aArte abstracto
_918579
650 1 4 _aArtes plásticas modernas
_918580
902 _aGFM
942 _2lcc
_cB
999 _c7209
_d7209